Weeping lovegrass management /
Guardado en:
| Autor Principal: | |
|---|---|
| Formato: | Libro |
| Idioma: | English |
| Publicado: |
Ardmore :
The Noble foundation,
1977.
|
| Etiquetas: |
Agregar Etiqueta
Sin Etiquetas, Sea el primero en etiquetar este registro!
|
| LEADER | 00428nam a22001455a 4500 | ||
|---|---|---|---|
| 001 | EUN.um045839 | ||
| 003 | AR-BaUNS | ||
| 005 | 20050623122914.0 | ||
| 008 | 041125s1977####xxu###########000#0#eng#d | ||
| 245 | 1 | 0 | |a Weeping lovegrass management / |c R.L. Dalrymple. |
| 260 | |a Ardmore : |b The Noble foundation, |c 1977. | ||
| 300 | |a 39 p. | ||
| 100 | 1 | |a Dalrymple, R.L. | |
| 082 | 0 | 4 | |a 636.086 |
| 859 | |a Ar-BaUNS |b BIB. CENTRAL - Sector C |h 636.086 |i D169 |p 79631/978 | ||
